| 000 | nam a22 7a 4500 | ||
|---|---|---|---|
| 999 |
_c27905 _d27904 |
||
| 003 | OSt | ||
| 005 | 20170518104752.0 | ||
| 008 | 170515b xxu||||| |||| 00| 0 eng d | ||
| 020 | _a097180480 | ||
| 040 |
_aMMU _beng _cMMU _dMMU |
||
| 050 | _aHG4529.J646 2002 | ||
| 100 | _aJohnson Bill | ||
| 245 |
_aAn investors guide to understanding and mastering options trading: _bGeneraring steady profits of 1oo% in a 10% world/ _cBill Johnson...{et al.}. |
||
| 260 |
_aNew York: _bBill Johnson, _c2002. |
||
| 300 | _axiv321 p,; | ||
| 650 | _aoptions | ||
| 942 |
_2lcc _cLOAN LOAN |
||